The Prophecy lyrics - Statistics

General Stats
  • This quiz has been taken 9 times
  • The average score is 277 of 347
Answer Stats
Lyrics % Correct
Hand
100%
hand
100%
on
100%
the
100%
a
83%
A
83%
again
83%
an
83%
And
83%
and
83%
around
83%
at
83%
be
83%
been
83%
beg,
83%
bitten
83%
bottle
83%
but
83%
But
83%
can
83%
Cards
83%
caught
83%
change
83%
company
83%
cool,
83%
cursed
83%
do
83%
Don't
83%
Eve
83%
fable
83%
gone
83%
got
83%
greater
83%
greige
83%
have
83%
howl
83%
I
83%
if
83%
I'm
83%
in
83%
it
83%
it's
83%
I've
83%
just
83%
knees,
83%
last
83%
Let
83%
lightning
83%
like
83%
look
83%
looked
83%
me
83%
money,
83%
moon
83%
my
83%
no
83%
of
83%
Oh,
83%
once
83%
paperweight
83%
pen
83%
"Please
83%
Please
83%
("Please")
83%
prophecy
83%
prophecy?"
83%
prophecy?
83%
punishment?
83%
redo
83%
'round
83%
said,
83%
said
83%
shades
83%
sky
83%
so
83%
someone
83%
speak
83%
stays
83%
table
83%
they
83%
Thought
83%
throttle
83%
to
83%
want
83%
wants
83%
was
83%
when
83%
who
83%
Who
83%
wolf
83%
woman
83%
wouldn't
83%
about
67%
afraid
67%
crumble
67%
drops
67%
even
67%
fools
67%
get
67%
guess
67%
home
67%
hope
67%
infant
67%
ink
67%
it'll
67%
lesser
67%
lost
67%
made
67%
Mine
67%
okay
67%
out
67%
Pad
67%
play
67%
sinking
67%
soulmates
67%
sound
67%
Spending
67%
statues
67%
tell
67%
they're
67%
very
67%
wait
67%
will
67%
would've
67%
written
67%
coin
50%
dream
50%
fate,
50%
Feeling
50%
from
50%
gathered
50%
him
50%
pricked
50%
quicksand
50%
sealed
50%
sign
50%
still
50%
unstable,
50%
with
50%
blood
33%
coven
33%
faith,
33%
has
33%
is
33%
Poison
33%
Slow
33%
sorceress'
33%
wound
33%
No matching quizzes found
Score Distribution
Percent of People with Each Score
Percentile by Number Answered
Your Score History
You have not taken this quiz